000
00274nam a22001097a 4500
008
170119b xxu||||| |||| 00| 0 eng d
020
_a
9780131597006
041
_a
eng
080
_2
7TH
_a
618.2
245
_a
LABORATORY AND DIAGNOSTIC PROCEDURES
_c
CORBETT, J.V
942
_2
udc
_c
BK
999
_c
3151
_d
3151